000 00338nam a2200133Ia 4500
008 220204s9999 xx 000 0 und d
082 _a676(035)
_bRAN
245 0 _aHandbook of paper science. 2 V
260 _aNew York
_bElsevier
_c1982
505 _aV 1..Fl 160.00;V 2..Fl 200
650 _aPaper science
700 _aH F
942 _cBK
999 _c38486
_d38486